Histoire générale de la Chine: et de ses relations avec les pays étrangers

-д хадгалсан:
Номзүйн дэлгэрэнгүй
Үндсэн зохиолч: Cordier, Henri (Зохиогч)
Формат: Ном
Хэл сонгох:франц
Хэвлэсэн: París Paul Geuthner 1920
Нөхцлүүд:
Шошгууд: Шошго нэмэх
Шошго байхгүй, Энэхүү баримтыг шошголох эхний хүн болох!

MARC

LEADER 00000nam a2200000 a 4500
001 UCO2347
003 CL-VaPUC
008 000602e19200000FR |||||||||||||||||fre|d
082 0 4 |a 951  |b COR  |2 21 
100 0 |a Cordier, Henri  |e author  |9 445443 
245 1 0 |a Histoire générale de la Chine: et de ses relations avec les pays étrangers 
300 |a v 
942 |c BK 
945 |d 20000602 00:00:00  |a rherrera 
260 |a París  |b Paul Geuthner  |c 1920 
500 |a v.2: Depuis les Cinq Dynasties 907 Jusqu'a la Chute des Mongols 1820 
500 |a v.3: Depuis l'Avènement des Ming 1368 Jusqu'a la Mort de Kia K'ing 1820 
500 |a v.4: Depuis l'Avènement des Tao Kouang 1821 Jusqu'a la Epoque Actuelle 
650 0 |a Historia de China  |9 434737 
650 0 |a Historia antigua  |9 267521 
650 7 |a DINASTIAS CHINAS  |2 CL-VaPUC  |9 445444 
650 0 |a Relaciones Internacionales  |9 255740 
650 7 |a IMPERIO MONGOL  |2 CL-VaPUC  |9 314068 
651 0 |a China   |9 257545 
583 |a last modification  |c 20000602 00:00:00  |k Rodrigo Vera 
999 |c 288882  |d 288880 
952 |0 0  |1 0  |4 0  |6 951_000000000000000_COR_1920  |7 0  |8 X  |9 336846  |a BIBHIS  |b BIBHIS  |d 2019-11-20  |h v.2  |i 1285459  |o 951 COR 1920  |p 1285459  |r 2024-01-30  |w 2019-11-20  |y BK_X  |k HIS 
952 |0 0  |1 0  |4 0  |6 951_000000000000000_COR_1920  |7 0  |8 X  |9 336847  |a BIBHIS  |b BIBHIS  |d 2019-11-20  |h v.3  |i 1285467  |o 951 COR 1920  |p 1285467  |r 2024-01-30  |w 2019-11-20  |y BK_X  |k HIS 
952 |0 0  |1 0  |4 0  |6 951_000000000000000_COR_1920  |7 0  |8 X  |9 336848  |a BIBHIS  |b BIBHIS  |d 2019-11-20  |h v.4  |i 1285475  |o 951 COR 1920  |p 1285475  |r 2024-01-30  |w 2019-11-20  |y BK_X  |k HIS